[Event "Bundesliga 2021-22"]
[Site "Muelheim GER"]
[Date "2022.05.14"]
[Round "7.3"]
[Board "4"]
[White "Vrolijk, Liam"]
[Black "Bjerre, Jonas Buhl"]
[Result "1/2-1/2"]
[WhiteTitle "IM"]
[BlackTitle "GM"]
[WhiteElo "2476"]
[BlackElo "2601"]
[WhiteTeam "SV Muelheim Nord"]
[BlackTeam "SK Doppelbauer Turm Kiel"]
[WhiteFideId "1048333"]
[BlackFideId "1444948"]
[EventDate "2022.03.05"]

1. d4 Nf6 2. c4 e6 3. g3 d5 4. Bg2 dxc4 5. Qa4+ Nbd7 6. Qxc4 a6 7. Be3 b5 8. Qc1
Rb8 9. Nd2 Bd6 10. Nb3 Nd5 11. Nf3 Nxe3 12. Qxe3 Bb7 13. O-O O-O 14. Ne5 Bxg2
15. Kxg2 Bxe5 16. dxe5 Nb6 17. Rfd1 Nc4 18. Qc3 Qe7 19. Na5 Nxa5 20. Qxa5 Qc5
21. Qxa6 Qxe5 22. Rd2 Qe4+ 23. Kg1 c5 24. Rc1 c4 25. a4 c3 26. bxc3 Qxa4 27.
Qxa4 bxa4 28. Ra2 Ra8 29. Rca1 Rac8 30. Rxa4 Rxc3 1/2-1/2

[Event "Bundesliga 2021-22"]
[Site "Muelheim GER"]
[Date "2022.05.14"]
[Round "7.3"]
[Board "5"]
[White "Dziuba, Marcin"]
[Black "Saltaev, Mihail"]
[Result "1-0"]
[WhiteTitle "GM"]
[BlackTitle "GM"]
[WhiteElo "2568"]
[BlackElo "2482"]
[WhiteTeam "SK Doppelbauer Turm Kiel"]
[BlackTeam "SV Muelheim Nord"]
[WhiteFideId "1112953"]
[BlackFideId "14200058"]
[EventDate "2022.03.05"]

1. d4 d5 2. c4 e6 3. Nf3 Nf6 4. Nc3 Be7 5. Bf4 O-O 6. e3 b6 7. Bd3 dxc4 8. Bxc4
Bb7 9. O-O Nd5 10. Nxd5 exd5 11. Bd3 c5 12. Qb1 h6 13. dxc5 bxc5 14. e4 c4 15.
Be2 dxe4 16. Rd1 Qc8 17. Nd2 Qf5 18. Bg3 Nd7 19. Nxc4 Nf6 20. Ne3 Qg5 21. b4
Rad8 22. Qb3 Nh5 23. Bc4 Nxg3 24. hxg3 Kh8 25. Qa4 Bf6 26. Rxd8 Rxd8 27. Rd1 Bd4
28. Rxd4 Rxd4 29. Qe8+ Kh7 30. Bxf7 Rd8 31. Bg6+ Qxg6 32. Qxd8 Qc6 33. Qe7 a5
34. bxa5 Qc1+ 35. Kh2 Qb2 36. Qf7 Bc8 37. Nd5 Qe5 38. Ne7 Be6 39. Qg6+ Kh8 40.
a6 1-0

[Event "Bundesliga 2021-22"]
[Site "Muelheim GER"]
[Date "2022.05.14"]
[Round "7.3"]
[Board "6"]
[White "Hausrath, Daniel"]
[Black "Gavrilescu, David"]
[Result "0-1"]
[WhiteTitle "GM"]
[BlackTitle "IM"]
[WhiteElo "2480"]
[BlackElo "2512"]
[WhiteTeam "SV Muelheim Nord"]
[BlackTeam "SK Doppelbauer Turm Kiel"]
[WhiteFideId "4617495"]
[BlackFideId "1227190"]
[EventDate "2022.03.05"]

1. Nf3 d5 2. g3 e6 3. Bg2 c5 4. O-O Nf6 5. d4 cxd4 6. Nxd4 e5 7. Nb3 Be6 8. c4
Nc6 9. cxd5 Nxd5 10. N1d2 Nf6 11. Ne4 Nxe4 12. Bxe4 Bh3 13. Bg2 Qc8 14. Be3 h5
15. Qd5 Bxg2 16. Qxg2 Be7 17. Rac1 Qe6 18. Rfd1 O-O 19. Qd5 Qxd5 20. Rxd5 Rfd8
21. Rb5 Rd7 22. Na5 Nxa5 23. Rxa5 Bf6 24. Rxa7 Rxa7 25. Bxa7 Rd2 26. Rc8+ Kh7
27. Rc7 Rxb2 28. Rxf7 Kg6 29. Rd7 b5 30. a3 Rxe2 31. Rb7 Rb2 32. a4 b4 33. a5 b3
34. a6 Rb1+ 35. Kg2 e4 36. Bc5 b2 37. a7 Ra1 38. Rb5 Kf7 39. Be3 g5 40. Rb7+ Ke6
41. Rb5 Be5 42. h4 gxh4 43. gxh4 Kd6 44. Kh3 Kc6 45. Rc5+ Kb7 46. Rb5+ Kc6 47.
Rc5+ Kd7 48. Rb5 Ra6 49. Kg2 Ra3 50. Rd5+ Kc6 51. Rc5+ Kb7 52. Rb5+ Ka8 53. Rxe5
Rxe3 54. Rb5 Re2 55. Kg3 Kxa7 56. f4 Ka6 57. Rb8 Ka5 58. f5 Ka4 59. f6 Re3+ 60.
Kg2 Rb3 61. Ra8+ Kb5 62. Rb8+ Kc4 63. Rxb3 Kxb3 64. f7 b1=Q 65. f8=Q Qc2+ 66.
Kg3 Qd3+ 67. Kg2 Qe2+ 68. Kg3 Qe3+ 69. Kg2 Kc2 70. Qf7 Qe2+ 71. Kg3 Kd1 72. Qb3+
Qc2 73. Qe3 Qc7+ 74. Kg2 Qg7+ 75. Kh1 Qg4 76. Qb3+ Ke2 77. Qb5+ Kf2 78. Qb2+ Qe2
79. Qb6+ e3 80. Qg6 Qf3+ 81. Kh2 Qf4+ 0-1

[Event "Bundesliga 2021-22"]
[Site "Muelheim GER"]
[Date "2022.05.14"]
[Round "7.3"]
[Board "7"]
[White "Parvanyan, Ashot"]
[Black "Feygin, Michael"]
[Result "0-1"]
[WhiteTitle "IM"]
[BlackTitle "GM"]
[WhiteElo "2462"]
[BlackElo "2456"]
[WhiteTeam "SK Doppelbauer Turm Kiel"]
[BlackTeam "SV Muelheim Nord"]
[WhiteFideId "13307550"]
[BlackFideId "14103109"]
[EventDate "2022.03.05"]

1. Nf3 d5 2. d4 e6 3. c4 Nf6 4. g3 g6 5. Bg2 Bg7 6. O-O O-O 7. Qc2 Na6 8. Rd1 b6
9. Nc3 Bb7 10. e4 Nxe4 11. Nxe4 dxe4 12. Ng5 Nb4 13. Qe2 Nc6 14. Bxe4 Na5 15. b3
Qe7 16. Nf3 Rfe8 17. Bg5 f6 18. Bd2 Rad8 19. Bxa5 Bxe4 20. Qxe4 bxa5 21. Qb7 c5
22. Qb5 f5 23. Ne5 Qc7 24. f4 cxd4 25. Rxd4 Rb8 26. Qd7 Bxe5 27. fxe5 Qxe5 28.
Rad1 Qc5 29. Kg2 Rbd8 30. Qxd8 Rxd8 31. Rxd8+ Kg7 32. R1d2 h5 33. R8d6 Qe3 34.
R6d3 Qe4+ 35. Kf2 e5 36. Re3 Qh1 37. Rd7+ Kf6 38. Rd6+ Ke7 39. Rxg6 Qxh2+ 40.
Ke1 e4 41. Rh6 Kf7 42. Rh8 Kg7 43. Rd8 h4 44. Rd7+ Kf6 45. Rd6+ Kg5 46. gxh4+
Qxh4+ 47. Kd1 Qf4 0-1

[Event "Bundesliga 2021-22"]
[Site "Muelheim GER"]
[Date "2022.05.14"]
[Round "7.3"]
[Board "8"]
[White "Dinstuhl, Volkmar"]
[Black "Arndt, Magnus"]
[Result "1/2-1/2"]
[WhiteTitle "IM"]
[BlackTitle "FM"]
[WhiteElo "2393"]
[BlackElo "2345"]
[WhiteTeam "SV Muelheim Nord"]
[BlackTeam "SK Doppelbauer Turm Kiel"]
[WhiteFideId "4613562"]
[BlackFideId "12998656"]
[EventDate "2022.03.05"]

1. d4 Nf6 2. c4 e6 3. Nc3 Bb4 4. Bg5 h6 5. Bh4 c5 6. d5 exd5 7. cxd5 d6 8. e3
O-O 9. Nf3 Bg4 10. Be2 Nbd7 11. O-O a6 12. h3 Bh5 13. g4 Bg6 14. Bd3 Bxd3 15.
Qxd3 Qe7 16. Kg2 Bxc3 17. bxc3 Qe4 18. Qxe4 Nxe4 19. Bg3 b5 20. Nh4 Nxg3 21.
Kxg3 Nf6 22. Nf5 Rfd8 23. Rac1 Nxd5 24. Rfd1 Nf6 25. f3 d5 26. h4 Kf8 27. g5
hxg5 28. hxg5 Ng8 29. Kf4 g6 30. Ng3 Ne7 31. Rc2 Kg7 32. Rh2 Rh8 33. Rxh8 Rxh8
34. Ke5 Rd8 35. Kf4 Nc6 36. Ne2 a5 37. a3 f6 38. Rb1 Rb8 39. Rd1 Ne7 40. e4 Rd8
41. Rb1 Rb8 42. Rd1 dxe4 43. fxe4 b4 44. axb4 axb4 45. cxb4 cxb4 46. Nd4 fxg5+
47. Kxg5 b3 48. Ne2 b2 49. Nc3 Rb4 50. Rb1 Nc6 51. Nd1 Rxe4 52. Nf2 Rb4 53. Nd3
Rd4 54. Nf4 Rd2 55. Nxg6 Rg2+ 56. Kh5 Nd4 57. Nf4 Rd2 58. Nd3 Rxd3 59. Rxb2 Rg3
60. Rb6 Kf7 61. Ra6 Nf3 62. Ra7+ Kf6 63. Ra6+ Kf5 64. Kh6 Ne5 65. Kh7 Nd7 66.
Ra5+ Kf6 67. Ra6+ Kf5 68. Ra5+ Ne5 69. Kh6 Rg1 70. Kh7 Rg4 71. Rb5 Kf6 72. Rb6+
Kg5 73. Rb5 Kf5 74. Ra5 Rb4 75. Ra6 Rb7+ 76. Kg8 Nd7 77. Kh8 Nf6 78. Ra5+ Ke6
79. Ra6+ Kf7 80. Ra7 Rxa7 1/2-1/2

[Event "Bundesliga 2021-22"]
[Site "Muelheim GER"]
[Date "2022.05.14"]
[Round "7.4"]
[Board "1"]
[White "Grandelius, Nils"]
[Black "McShane, Luke J"]
[Result "1/2-1/2"]
[WhiteTitle "GM"]
[BlackTitle "GM"]
[WhiteElo "2663"]
[BlackElo "2647"]
[WhiteTeam "Hamburger SK"]
[BlackTeam "SV Werder Bremen"]
[WhiteFideId "1710400"]
[BlackFideId "404853"]
[EventDate "2022.03.05"]

1. e4 e5 2. Nf3 Nc6 3. Bb5 Nf6 4. d3 Bc5 5. c3 O-O 6. O-O d6 7. Re1 Bb6 8. a4
Ne7 9. d4 c6 10. Bf1 Ng6 11. Nbd2 d5 12. a5 Bxa5 13. Nxe5 Nxe5 14. dxe5 Nxe4 15.
Nxe4 dxe4 16. Qh5 Bc7 17. Rxe4 Qd7 18. Bc4 Qf5 19. Qe2 Qg6 20. h4 h5 21. Bg5 Bf5
22. Re3 b5 23. Bd3 Bxd3 24. Qxd3 Qxd3 25. Rxd3 Bxe5 26. Ra6 Rfc8 27. Be3 Rc7 28.
g3 g6 29. Bb6 Re7 30. Bc5 1/2-1/2

[Event "Bundesliga 2021-22"]
[Site "Muelheim GER"]
[Date "2022.05.14"]
[Round "7.4"]
[Board "2"]
[White "Areshchenko, Alexander"]
[Black "Svane, Rasmus"]
[Result "1-0"]
[WhiteTitle "GM"]
[BlackTitle "GM"]
[WhiteElo "2670"]
[BlackElo "2637"]
[WhiteTeam "SV Werder Bremen"]
[BlackTeam "Hamburger SK"]
[WhiteFideId "14109530"]
[BlackFideId "4657101"]
[EventDate "2022.03.05"]

1. e4 e5 2. Nf3 Nc6 3. Bb5 a6 4. Ba4 Nf6 5. O-O Be7 6. d3 b5 7. Bb3 d6 8. Bd2
O-O 9. h3 h6 10. Re1 Re8 11. a4 Rb8 12. axb5 axb5 13. Nc3 Bf8 14. Qb1 Nb4 15.
Ne2 d5 16. Ng3 dxe4 17. Nxe4 Bb7 18. Bc3 Nxe4 19. dxe4 Qf6 20. Qd1 Na6 21. Nh2
Nc5 22. Ng4 Qd6 23. Bd5 c6 24. Ba2 Qxd1 25. Rexd1 Nxe4 26. Nxe5 Nxc3 27. Bxf7+
Kh7 28. Bxe8 Nxd1 29. Bg6+ Kg8 30. Rxd1 Be7 31. Rd7 Bf6 32. Nd3 Bc8 33. Rc7 Be6
34. Rxc6 Bc4 35. b3 Bxd3 36. Bxd3 b4 37. Bg6 Kf8 38. Rc7 Rd8 39. g3 Be7 40. h4
Rd2 41. Kf1 Rd6 42. h5 Rd8 43. Ke2 Bf6 44. f4 Bc3 45. Rf7+ Kg8 46. Re7 Bf6 47.
Rb7 Bc3 48. Kf3 Bd2 49. Bf7+ Kf8 50. Bg6 Kg8 51. Ke4 Rf8 52. Rd7 Be1 53. g4 Bc3
54. g5 hxg5 55. fxg5 Rf1 56. Rd8+ Rf8 57. Rd7 Rf1 58. Rc7 Bd2 59. Rc8+ Rf8 60.
Bh7+ Kf7 61. Rc7+ Ke6 62. h6 gxh6 63. g6 Re8 64. g7 Kd6+ 65. Kd3 Kxc7 66. Kxd2 1-0

[Event "Bundesliga 2021-22"]
[Site "Muelheim GER"]
[Date "2022.05.14"]
[Round "7.4"]
[Board "3"]
[White "Papp, Gabor1"]
[Black "Efimenko, Zahar"]
[Result "1/2-1/2"]
[WhiteTitle "GM"]
[BlackTitle "GM"]
[WhiteElo "2574"]
[BlackElo "2597"]
[WhiteTeam "Hamburger SK"]
[BlackTeam "SV Werder Bremen"]
[WhiteFideId "718602"]
[BlackFideId "14107201"]
[EventDate "2022.03.05"]

1. e4 c5 2. Nf3 e6 3. d4 cxd4 4. Nxd4 Nf6 5. Nc3 Nc6 6. a3 Be7 7. Nxc6 bxc6 8.
e5 Nd5 9. Qg4 g6 10. Ne4 f5 11. exf6 Nxf6 12. Nxf6+ Bxf6 13. Be2 d5 14. O-O O-O
15. Qa4 Qc7 16. c4 Rb8 17. Rb1 c5 18. Bh6 Bd7 19. Qd1 Rfd8 20. cxd5 Bc6 21. Qc1
Bxd5 22. Bf4 Be5 23. Bxe5 Qxe5 24. Re1 Qd4 1/2-1/2

[Event "Bundesliga 2021-22"]
[Site "Muelheim GER"]
[Date "2022.05.14"]
[Round "7.4"]
[Board "4"]
[White "Pruijssers, Roeland"]
[Black "Engel, Luis"]
[Result "1-0"]
[WhiteTitle "GM"]
[BlackTitle "GM"]
[WhiteElo "2570"]
[BlackElo "2564"]
[WhiteTeam "SV Werder Bremen"]
[BlackTeam "Hamburger SK"]
[WhiteFideId "1013068"]
[BlackFideId "12961523"]
[EventDate "2022.03.05"]

1. e4 c5 2. Nc3 Nc6 3. Nge2 g6 4. g3 Bg7 5. Bg2 Rb8 6. a4 a6 7. O-O b5 8. axb5
axb5 9. d3 b4 10. Nd5 e6 11. Ne3 Nge7 12. f4 f5 13. g4 O-O 14. Ng3 fxe4 15. dxe4
Bb7 16. g5 Nd4 17. c3 bxc3 18. bxc3 Nb5 19. Qd3 Nxc3 20. Bb2 Ba6 21. Rxa6 Rxb2
22. e5 Nb5 23. Nc4 Rb4 24. Ne4 Nd4 25. Nf6+ Bxf6 26. gxf6 Nef5 27. Rfa1 Qb8 28.
Ra8 Qb5 29. Bf1 Rb3 30. Qe4 Qb7 31. Rxf8+ Kxf8 32. Ra8+ Kf7 33. Qxb7 Rxb7 34.
Rh8 h6 35. Bd3 Nf3+ 36. Kf2 N3h4 37. Ke2 Ra7 38. Kd2 Rb7 39. Kc3 Ra7 40. Be4 g5
41. fxg5 hxg5 42. Bc2 Nf3 43. Rh7+ Kg6 44. Rg7+ Kh6 45. Bxf5 exf5 46. e6 1-0

[Event "Bundesliga 2021-22"]
[Site "Muelheim GER"]
[Date "2022.05.14"]
[Round "7.4"]
[Board "5"]
[White "Svane, Frederik"]
[Black "Markgraf, Alexander"]
[Result "1-0"]
[WhiteTitle "IM"]
[BlackTitle "IM"]
[WhiteElo "2496"]
[BlackElo "2482"]
[WhiteTeam "Hamburger SK"]
[BlackTeam "SV Werder Bremen"]
[WhiteFideId "12923044"]
[BlackFideId "4646410"]
[EventDate "2022.03.05"]

1. e4 c5 2. Nf3 e6 3. c3 Nf6 4. e5 Nd5 5. d4 cxd4 6. cxd4 d6 7. Bc4 Be7 8. O-O
O-O 9. Qe2 Nc6 10. Rd1 Bd7 11. Bd2 Qb6 12. Nc3 Nxc3 13. bxc3 dxe5 14. dxe5 Rfd8
15. h4 Be8 16. Bd3 Qa5 17. Re1 Qa4 18. h5 Rd7 19. h6 g6 20. Be4 Rc7 21. Bg5 Bf8
22. Nh2 Nxe5 23. Bxb7 Rxb7 24. Qxe5 Rb5 25. Qg3 Qa5 26. Bf4 Rf5 27. Ng4 Rc8 28.
Re5 Rc5 29. Rxf5 Rxf5 30. Be5 Be7 31. Bd4 f6 32. Qb8 Kf7 33. a4 e5 34. Be3 a6
35. Qb3+ Kf8 36. Bb6 Bf7 37. Qxf7+ 1-0

[Event "Bundesliga 2021-22"]
[Site "Muelheim GER"]
[Date "2022.05.14"]
[Round "7.4"]
[Board "7"]
[White "Heinemann, Thies"]
[Black "Wachinger, Nikolas"]
[Result "0-1"]
[WhiteTitle "GM"]
[WhiteElo "2495"]
[BlackElo "2376"]
[WhiteTeam "Hamburger SK"]
[BlackTeam "SV Werder Bremen"]
[WhiteFideId "4601556"]
[BlackFideId "12962791"]
[EventDate "2022.03.05"]

1. e4 c5 2. Nf3 d6 3. Bb5+ Nd7 4. Ba4 Nf6 5. O-O e6 6. c4 Nxe4 7. Re1 Nf6 8. d4
cxd4 9. Nxd4 Be7 10. Nb5 O-O 11. Nxd6 Nb6 12. Nxc8 Rxc8 13. Nd2 Nxc4 14. Nxc4
Rxc4 15. Bb3 Qxd1 16. Rxd1 Rcc8 17. Kf1 Rfd8 18. Rxd8+ Bxd8 19. Be3 Bb6 20. Bxb6
axb6 21. Rd1 Kf8 22. Ke2 Ke7 23. Rd4 Rc6 24. h4 h6 25. g3 Rd6 26. Ra4 Ne8 27.
Ra7 Rd7 28. Ba4 Rc7 29. Bxe8 Kxe8 30. Kd3 Kd7 31. Ra8 Kc6 32. Ra3 Rd7+ 33. Ke2
Rd5 34. Ra8 g5 35. hxg5 hxg5 36. Rc8+ Kd7 37. Rb8 Kc7 38. Rg8 Rb5 39. b3 Ra5 40.
a4 Re5+ 41. Kd3 Rf5 42. Ke3 b5 43. g4 Re5+ 44. Kd3 bxa4 45. bxa4 Ra5 46. Rg7
Rxa4 47. Rxf7+ Kc6 48. Re7 Rxg4 49. Rxe6+ Kc5 50. Re5+ Kb4 51. f3 Rg2 52. Re4+
Ka5 53. Re1 b5 54. Ra1+ Kb6 55. Rb1 Rf2 56. Ke3 Rc2 57. Rg1 Rc5 58. Rb1 Ka5 59.
Kd4 Rc4+ 60. Kd5 Rf4 61. Kc5 Rf5+ 62. Kc6 Ka4 63. Ra1+ Kb3 64. Ra5 Kc4 65. Ra1
b4 0-1

[Event "Bundesliga 2021-22"]
[Site "Aachen GER"]
[Date "2022.05.14"]
[Round "7.5"]
[Board "1"]
[White "Huschenbeth, Niclas"]
[Black "Seel, Christian"]
[Result "1-0"]
[WhiteTitle "GM"]
[BlackTitle "IM"]
[WhiteElo "2611"]
[BlackElo "2486"]
[WhiteTeam "FC Bayern Muenchen"]
[BlackTeam "Aachener SV"]
[WhiteFideId "24604747"]
[BlackFideId "4663098"]
[EventDate "2022.03.05"]

1. e4 e6 2. d4 d5 3. Nc3 dxe4 4. Nxe4 Nd7 5. Nf3 Ngf6 6. Bg5 h6 7. Bxf6 Nxf6 8.
Bd3 Nxe4 9. Bxe4 c5 10. Qe2 cxd4 11. O-O-O Qb6 12. Nxd4 Bc5 13. c3 Bd7 14. Rd2
O-O-O 15. Rhd1 Ba4 16. b3 Bxd4 17. Rxd4 Rxd4 18. Rxd4 Bb5 19. Qg4 g5 20. Qf3 Qc7
21. Qf6 Qxc3+ 22. Kb1 Qe1+ 23. Kc2 Qe2+ 24. Kc1 Re8 25. Qxf7 Qe1+ 26. Kb2 Re7
27. Qf8+ Re8 28. Qc5+ Kb8 29. Qxb5 Qxf2+ 30. Ka3 Re7 31. Qe5+ Kc8 32. Qh8+ Kc7
33. Qd8# 1-0

[Event "Bundesliga 2021-22"]
[Site "Aachen GER"]
[Date "2022.05.14"]
[Round "7.5"]
[Board "2"]
[White "Nagy, Gabor1"]
[Black "Santos Ruiz, Miguel"]
[Result "1/2-1/2"]
[WhiteTitle "GM"]
[BlackTitle "GM"]
[WhiteElo "2507"]
[BlackElo "2597"]
[WhiteTeam "Aachener SV"]
[BlackTeam "FC Bayern Muenchen"]
[WhiteFideId "737119"]
[BlackFideId "22291482"]
[EventDate "2022.03.05"]

1. c4 e5 2. g3 c6 3. Nf3 e4 4. Nd4 d5 5. cxd5 Qxd5 6. Nc2 Nf6 7. Nc3 Qe5 8. Bg2
Na6 9. O-O Be7 10. d3 exd3 11. Qxd3 Nc5 12. Qe3 Qxe3 13. Bxe3 a5 14. Rfd1 O-O
15. Nd4 Bd7 16. Rac1 Rfd8 17. h3 h6 18. f3 Ne6 19. Nf5 Bc5 20. Bf2 Bxf2+ 21.
Kxf2 Nc5 22. Nd4 Ne6 1/2-1/2

[Event "Bundesliga 2021-22"]
[Site "Aachen GER"]
[Date "2022.05.14"]
[Round "7.5"]
[Board "3"]
[White "Dragnev, Valentin"]
[Black "Koch, Thomas1"]
[Result "1-0"]
[WhiteTitle "GM"]
[BlackTitle "IM"]
[WhiteElo "2546"]
[BlackElo "2458"]
[WhiteTeam "FC Bayern Muenchen"]
[BlackTeam "Aachener SV"]
[WhiteFideId "1634852"]
[BlackFideId "4600533"]
[EventDate "2022.03.05"]

1. e4 e5 2. Nf3 Nf6 3. Nxe5 d6 4. Nf3 Nxe4 5. d4 d5 6. Bd3 Be7 7. O-O O-O 8. c4
Nf6 9. Nc3 Nc6 10. cxd5 Nb4 11. Bb1 Bg4 12. a3 Nbxd5 13. Qd3 g6 14. Bh6 Re8 15.
Ba2 c6 16. Ne5 Bf5 17. Qf3 Be6 18. Rad1 Qb6 19. Rd2 Bf8 20. Bg5 Bg7 21. Na4 Qc7
22. Rc1 h6 23. Bh4 Qa5 24. Qd1 g5 25. Bg3 Ne4 26. Re2 Nxg3 27. hxg3 Rad8 28. Nc5
Bc8 29. Qc2 Qc7 30. Bb1 Kf8 31. Rce1 f6 32. Ng6+ Kf7 33. Nh8+ Kf8 34. Qh7 Rxe2
35. Rxe2 Qd6 36. Ba2 Bxh8 37. Qxh8+ Kf7 38. Qh7+ Kf8 39. Qxh6+ Kf7 40. Ne4 Qe6
41. Nxg5+ fxg5 42. Rxe6 Bxe6 43. Qxg5 Nf6 1-0

[Event "Bundesliga 2021-22"]
[Site "Aachen GER"]
[Date "2022.05.14"]
[Round "7.5"]
[Board "4"]
[White "Vandenbussche, Thibaut"]
[Black "Bischoff, Klaus"]
[Result "1-0"]
[WhiteTitle "IM"]
[BlackTitle "GM"]
[WhiteElo "2407"]
[BlackElo "2493"]
[WhiteTeam "Aachener SV"]
[BlackTeam "FC Bayern Muenchen"]
[WhiteFideId "204412"]
[BlackFideId "4600045"]
[EventDate "2022.03.05"]

1. e4 c5 2. Nf3 d6 3. Bb5+ Nd7 4. O-O Nf6 5. Re1 a6 6. Bxd7+ Bxd7 7. c3 e6 8. d4
cxd4 9. cxd4 d5 10. exd5 Nxd5 11. Nc3 Bc6 12. Ne5 Be7 13. Qg4 O-O 14. Bh6 Bf6
15. Ne4 Be8 16. Rac1 Kh8 17. Nxf6 Qxf6 18. Bg5 Qf5 19. Qxf5 exf5 20. Rc5 Nb6 21.
Be7 Rg8 22. d5 f6 23. Nc4 Nxc4 24. Rxc4 Bb5 25. Rc7 Rgc8 26. Rxb7 Rc2 27. Ba3
Rac8 28. h4 Rc1 29. Rxc1 Rxc1+ 30. Kh2 Kg8 31. Rb8+ Kf7 32. h5 Be8 33. Rb7+ Kg8
34. h6 gxh6 35. d6 Rd1 36. Bc5 f4 37. Re7 Bc6 38. Rc7 Bb5 39. b3 h5 40. a4 Be8
41. f3 h4 42. Re7 Bc6 43. Ra7 h5 44. Rxa6 Be8 45. Rb6 h3 46. gxh3 Rd2+ 47. Kg1
Bd7 48. Rb4 Rd5 49. Rc4 Kf7 50. b4 Bxa4 51. Rxf4 Kg6 52. Rd4 Rxd4 53. Bxd4 Kf5
54. Bf2 Kf4 55. Kg2 Bc6 56. Bg3+ Ke3 57. Bh4 f5 58. Bf2+ Kf4 59. Bg1 Ke5 60.
Bh2+ f4 61. h4 Kxd6 62. Bxf4+ Kd5 63. Kg3 Kc4 64. Bd6 Ba4 65. Kf4 Bd1 66. Ke4 1-0

[Event "Bundesliga 2021-22"]
[Site "Aachen GER"]
[Date "2022.05.14"]
[Round "7.5"]
[Board "5"]
[White "Bezold, Michael"]
[Black "Piceu, Tom"]
[Result "1/2-1/2"]
[WhiteTitle "GM"]
[BlackTitle "IM"]
[WhiteElo "2483"]
[BlackElo "2331"]
[WhiteTeam "FC Bayern Muenchen"]
[BlackTeam "Aachener SV"]
[WhiteFideId "4601718"]
[BlackFideId "201952"]
[EventDate "2022.03.05"]

1. g3 d5 2. Bg2 c6 3. Nf3 Nf6 4. O-O Bg4 5. d4 e6 6. Nbd2 Nbd7 7. Re1 Be7 8. e4
dxe4 9. Nxe4 Nxe4 10. Rxe4 Nf6 11. Re1 O-O 12. c3 Qb6 13. Qb3 Qxb3 14. axb3 Rfd8
15. Ne5 Bf5 16. Nc4 Nd5 17. b4 h6 18. Bd2 g5 19. Na5 Rd7 20. Nb3 Kg7 21. Nc5
Bxc5 22. bxc5 a6 23. Bf1 Re8 24. h3 Nf6 25. f3 Rde7 26. g4 Bg6 27. c4 e5 28. Bc3
Nd7 29. Rad1 exd4 30. Rxe7 Rxe7 31. Rxd4 f6 32. Rd6 Ne5 33. Kf2 Bf7 34. b3 Be6
35. Kg3 Ng6 36. Bd2 1/2-1/2

[Event "Bundesliga 2021-22"]
[Site "Aachen GER"]
[Date "2022.05.14"]
[Round "7.5"]
[Board "6"]
[White "Klein, Felix"]
[Black "Zajogin, Alexander"]
[Result "0-1"]
[WhiteTitle "FM"]
[WhiteElo "2266"]
[BlackElo "2399"]
[WhiteTeam "Aachener SV"]
[BlackTeam "FC Bayern Muenchen"]
[WhiteFideId "24600458"]
[BlackFideId "13500430"]
[EventDate "2022.03.05"]

1. d4 Nf6 2. c4 e6 3. Nf3 Bb4+ 4. Nbd2 a5 5. a3 Bxd2+ 6. Bxd2 b6 7. Bg5 Bb7 8.
e3 h6 9. Bh4 g5 10. Bg3 Ne4 11. Nd2 Nxg3 12. hxg3 Qf6 13. Qc2 g4 14. Ne4 Qg6 15.
Bd3 f5 16. Nd2 Bxg2 17. Rh2 Bb7 18. e4 Nc6 19. exf5 Qg7 20. d5 Nd4 21. Qc3 O-O-O
22. fxe6 dxe6 23. O-O-O exd5 24. c5 Kb8 25. Kb1 Ne6 26. cxb6 cxb6 27. Bf5 d4 28.
Qb3 Rd6 29. Nc4 Nc5 30. Qc2 Rf6 31. Nxa5 Rxf5 32. Nxb7 d3 33. Rxd3 Kxb7 34. Rd6
Rf6 35. Rxf6 Qxf6 36. b4 Re8 37. Rh1 Qf3 38. Qh7+ Ka6 39. Qxh6 Qb3+ 40. Kc1 Re2
41. bxc5 Qc2# 0-1

[Event "Bundesliga 2021-22"]
[Site "Aachen GER"]
[Date "2022.05.14"]
[Round "7.5"]
[Board "7"]
[White "Fedorovsky, Michael"]
[Black "Meessen, Rudolf"]
[Result "1-0"]
[WhiteTitle "IM"]
[BlackTitle "FM"]
[WhiteElo "2397"]
[BlackElo "2226"]
[WhiteTeam "FC Bayern Muenchen"]
[BlackTeam "Aachener SV"]
[WhiteFideId "14105454"]
[BlackFideId "202029"]
[EventDate "2022.03.05"]

1. d4 d6 2. Nf3 g6 3. c4 Bg7 4. Nc3 e5 5. g3 exd4 6. Nxd4 Ne7 7. Bg2 O-O 8. O-O
Nbc6 9. Nxc6 bxc6 10. Qc2 Bf5 11. e4 Be6 12. b3 Qd7 13. Bb2 Bh3 14. Rad1 c5 15.
Rfe1 Bxg2 16. Kxg2 Nc6 17. Nd5 Nd4 18. Bxd4 cxd4 19. c5 c6 20. Nf4 Rfe8 21. cxd6
Qxd6 22. Nd3 Rac8 23. Qc5 Qd7 24. Qc4 h5 25. h3 a5 26. Rc1 Bf8 27. Nc5 Qd6 28.
f4 h4 29. e5 Qd5+ 30. Ne4 Ba3 31. Rcd1 Red8 32. Qxd5 cxd5 33. Nf6+ Kf8 34. Re2
hxg3 35. Rxd4 Rc5 36. Kxg3 Ke7 37. Red2 Ke6 38. Ne4 dxe4 39. Rxd8 Rc3+ 40. Kg4
Rc1 41. Re8+ Be7 42. Rd6# 1-0

[Event "Bundesliga 2021-22"]
[Site "Aachen GER"]
[Date "2022.05.14"]
[Round "7.6"]
[Board "1"]
[White "Jones, Gawain C B"]
[Black "Volokitin, Andrei"]
[Result "0-1"]
[WhiteTitle "GM"]
[BlackTitle "GM"]
[WhiteElo "2672"]
[BlackElo "2687"]
[WhiteTeam "Muenchener Schachclub 1836"]
[BlackTeam "Duesseldorfer SK"]
[WhiteFideId "409561"]
[BlackFideId "14107090"]
[EventDate "2022.03.05"]

1. e4 c5 2. c3 Nf6 3. e5 Nd5 4. Bc4 Nb6 5. Bb3 d6 6. exd6 Qxd6 7. Na3 Bf5 8. d4
cxd4 9. Nf3 dxc3 10. Qxd6 exd6 11. bxc3 Be7 12. Nb5 Na6 13. Bf4 d5 14. O-O-O O-O
15. Nfd4 Bg6 16. Rhe1 Bf6 17. Be5 Bxe5 18. Rxe5 Nc5 19. Nf5 Bxf5 20. Rxf5 g6 21.
Re5 a6 22. Nc7 Rac8 23. Nxd5 Nxb3+ 24. axb3 Nxd5 25. Rexd5 Rxc3+ 26. Kb2 Rfc8
27. R1d2 Kg7 28. h4 h5 29. R5d4 R3c5 30. Rf4 R8c7 31. f3 Rb5 32. g4 Re7 33. Kc2
Rc5+ 34. Kb2 Rb5 35. Kc2 Re6 36. gxh5 gxh5 37. b4 Rc6+ 38. Kd1 Rf6 39. Rg2+ Rg6
40. Rd2 Rgb6 41. Rdd4 Rf6 42. Ke2 Rxf4 43. Rxf4 Kg6 44. Kf2 Rd5 45. Kg3 f6 46.
Re4 Kf5 47. Re7 Rb5 48. Re4 Rb6 49. Kf2 Rc6 50. Re7 b5 51. Kg3 Rc4 52. Ra7 Rxb4
53. Rxa6 Ke5 54. Ra8 Rc4 55. Rh8 Rc7 56. Rxh5+ f5 57. Rh8 Rg7+ 58. Kf2 Rb7 59.
h5 b4 60. h6 b3 61. h7 Kf4 62. Ra8 Rxh7 63. Ra4+ Ke5 64. Rb4 Rh2+ 65. Ke3 b2 66.
Rb5+ Kd6 67. Kd4 Kc6 68. Rb8 f4 69. Rb3 Re2 70. Rb4 Rd2+ 71. Kc3 Kc5 72. Rc4+
Kd5 73. Rb4 Rf2 74. Rb5+ Ke6 75. Rb6+ Kf5 76. Rb5+ Kg6 77. Kd4 Rxf3 78. Rxb2 Kf5
79. Rb8 Ra3 80. Rg8 f3 81. Rf8+ Kg4 82. Ke4 Kg3 83. Rg8+ Kh2 84. Rf8 Kg2 85.
Rg8+ Kf1 86. Rg3 Ke2 0-1